Peace of the Present (Record no. 9480)

MARC details
000 -LEADER
fixed length control field 00675nam a2200253 a 4500
020 ## - INTERNATIONAL STANDARD BOOK NUMBER
ISBN 0268864
082 00 - DEWEY DECIMAL CLASSIFICATION NUMBER
Classification number 241.697
Author Cutter DUN
100 ## - MAIN ENTRY--AUTHOR NAME
Author name Dunne, John S
245 ## - TITLE STATEMENT
Title Peace of the Present
Sub title an Unviolent Way of Life
260 ## - PUBLICATION, DISTRIBUTION, ETC. (IMPRINT)
Place of publication Notre Dame in
Name of publisher University of Notre Dame Press
Year of publication 1990
300 ## - PHYSICAL DESCRIPTION
Number of Pages 140p
500 ## - GENERAL NOTE
General note includes index and biblioraphy
505 2# - FORMATTED CONTENTS NOTE
Formatted contents note Index
650 ## - SUBJECT ADDED ENTRY--TOPICAL TERM
Topical Term Peace-Religious Aspect-Christianity
650 ## - SUBJECT ADDED ENTRY--TOPICAL TERM
Topical Term Theology-Moral
942 ## - ADDED ENTRY ELEMENTS (KOHA)
Koha item type Books
700 1# -
-- Dunne, John S
Holdings
Collection code Home library Current library Date acquired Cost, normal purchase price Full call number Accession Number Koha item type
  Henry Martyn Institute Library Henry Martyn Institute Library 06/29/2007 441.00 241.697 DUN 015104 Books
                   Copyright © 2026 | Henry Martyn Institute | Hyderabad | TS-500052 | INDIA | Implemented by hmi.edu.in
Hit-Count:

Powered by Koha